000 01366cam a22003978i 4500
001 19350323
003 DLC
005 20170720142021.0
008 161025s2018 mnu j b 001 0 spa
010 _a 2016049149
020 _a9781512441185 (hard lb : alk. paper)
020 _a9781512453744 (pb : alk. paper)
040 _aDLC
_beng
_erda
_cDLC
041 1 _aspa
_heng
042 _apcc
050 0 0 _aQE882.P8
_bR6318 2018
082 0 0 _a569/.67
_223
100 1 _aRober, Harold T.
240 1 0 _aWoolly mammoth.
_lSpanish
245 1 3 _aEl mamut lanudo /
_cpor Harold T. Rober.
260 _aMinneapolis :
_bEdiciones Lerner,
_c[2018]
264 1 _aMinneapolis :
_bEdiciones Lerner,
_c[2018]
300 _a24 pages :
_bcolor illustrations ;
_c24 cm
336 _atext
_btxt
_2rdacontent
337 _aunmediated
_bn
_2rdamedia
338 _avolume
_bnc
_2rdacarrier
490 0 _aBumba books en español. Dinosaurios y bestias prehistóricas
504 _aIncludes bibliographical references and index.
521 1 _aAge 4-7.
521 2 _aK to grade 3.
546 _aIn Spanish.
650 0 _aWoolly mammoth
_vJuvenile literature.
776 0 8 _iOnline version:
_aRober, Harold T.
_tEl mamut lanudo
_dMinneapolis : Ediciones Lerner, [2018]
_z9781512449662
_w(DLC) 2016049860
942 _2ddc
_cBK
999 _c18609
_d18609